000 00491nam a2200181Ia 4500
003 OSt
005 20220115053743.0
008 211118s9999||||xx |||||||||||||| ||und||
040 _cSBCL
082 _a894.81207
_bKAR-T
100 _aKarassery, M N
245 0 _aTharathamya Sahitya Chinta
260 _bSimon & Schuster
_aNew Delhi
_c1998
300 _a160p.
630 _xGeneral Stack
650 _aMalayalam Literature
_valtaic,uralic,hyperborean and dravidianGeneralia
942 _cBOOK
999 _c98682
_d98682